Capitali più popolose - America del Nord - Statistics

Statistiche generali
  • Questo quiz è stato fatto 16 volte
  • Il punteggio medio è 9 su 10
Statistiche sulle risposte
Popolazione (ab.) Capitale % Corretto
9 209 944 Citta del Messico
100%
670 050 Washington D.C.
100%
1 017 449 Ottawa
93%
880 691 Città di Panama
86%
2 132 183 L'Avana
86%
2 934 841 Città del Guatemala
79%
987 310 Port-au-Prince
79%
1 111 838 Santo Domingo
79%
1 444 085 Tegucigalpa
79%
1 055 247 Managua
71%
Nessun quiz corrispondente trovato
Distribuzione punteggi
Percentuale di utenti per punteggio
Percentile per numero di risposta
I tuoi punteggi nel tempo
Non hai fatto questo quiz